Analýza konkurenčnej pozície na trhu manažérskeho vzdelávania diplomová práca

Na minha lista:
Detalhes bibliográficos
Autor principal: Kalaninová, Dana
Autor Corporativo: Podnikovohospodárska fakulta EU so sídlom v Košiciach. Katedra manažmentu
Outros Autores: Dubovická, Lenka
Formato: Livro
Idioma:eslovaco
Publicado em: Košice 2012
Tags: Adicionar Tag
Sem tags, seja o primeiro a adicionar uma tag!

MARC

LEADER 00000nbm a2200000 4500
001 0153109
005 20161109102048.7
041 0 |a slo 
044 |a SK 
245 1 0 |a Analýza konkurenčnej pozície na trhu manažérskeho vzdelávania  |b diplomová práca  |c Dana Kalaninová ; školiteľ: Lenka Dubovická 
264 1 |a Košice  |c 2012 
300 |a 93 s. 
100 1 |a Kalaninová, Dana 
700 1 |a Dubovická, Lenka 
710 2 |a Podnikovohospodárska fakulta EU so sídlom v Košiciach. Katedra manažmentu